Normal view
MARC view
Entry Topical Term
001 - CONTROL NUMBER
- control field: 12601
003 - CONTROL NUMBER IDENTIFIER
- control field: OSt
005 - DATE AND TIME OF LATEST TRANSACTION
- control field: 20180419143618.0
008 - FIXED-LENGTH DATA ELEMENTS
- fixed length control field: 180419|| aca||aabn | a|a d
040 ## - CATALOGING SOURCE
- Original cataloging agency: OSt
- Transcribing agency: OSt
150 ## - HEADING--TOPICAL TERM
- Topical term or geographic name entry element: Animal Behaviour.
670 ## - SOURCE DATA FOUND
- Source citation: Work cat.: (OSt): Wyatt,D.Tristram; 12600, Pheromones and Animal Behaviour:
